000
00202 a2200097 4500
001
3490
100
_a
Hollingworth, C
245
_a
Arabs & the west the
260
_a
_b
Methuen
_c
090
_c
2756
_d
2756
942
_a
NUST-CAE
_c
M
_c
19513
999
_c
238563
_d
238563